000 004680000a22001570004500
003 MACL
005 20180321130555.0
008 180321b xxu||||| |||| 00| 0 eng d
040 _cmacl
100 _aबंद्योपाध्‍याय, ताराशंकर
_971488
245 _aकवि
260 _b नेशनल बुक ट्रस्‍ट
_c1971
350 _a4.25
650 _a नोवेल,
_971489
942 _cHIN
_k891.433/VAN/N
_2ddc
999 _c22725
_d22725